Songs With “Song” in the Title - Statistics

General Stats
  • This quiz has been taken 79 times
  • The average score is 7 of 22
Answer Stats
Year Artist Song % Correct
1970 Elton John {Your} Song
66%
1997 Blur Song 2
61%
1970 Led Zeppelin {Immigrant} Song
51%
1974 John Denver {Annie}'s Song
48%
1999 Sisqo {Thong} Song
46%
1976 Paul McCartney and Wings {Silly} {Love} Songs
45%
1994 Weezer Undone (The {Sweater} Song)
41%
1980 Bob Marley {Redemption} Song
37%
2010 Bruno Mars The {Lazy} Song
35%
1995 Michael Jackson {Earth} Song
34%
1973 Led Zeppelin The Song {Remains} {the} {Same}
31%
1975 Barry Manilow {I} {Write} {the} Songs
30%
1979 Supertramp {Logical} Song
30%
1994 Stone Temple Pilots {Interstate} {Love} Song
27%
2006 Taylor Swift {Our} Song
21%
1999 Blink-182 {Adam}'s Song
20%
1968 The Beatles Only a {Northern} Song
18%
1972 Anne Murray {Danny}'s Song
15%
1969 Led Zeppelin The {Lemon} Song
11%
2001 Radiohead {Pyramid} Song
8%
1967 The Doors {Alabama} Song
7%
1973 Led Zeppelin The {Rain} Song
6%
No matching quizzes found
Score Distribution
Percent of People with Each Score
Percentile by Number Answered
Your Score History
You have not taken this quiz